Kontinuálne monitorovanie glykémie a jeho indikácie

Bibliographic Details
Main Authors: Martinka, Emil (Author), Lakota, Peter (Author)
Format: Article
Language:Slovak
PhysicalDescription:Obr.
ISSN:1335-4477
Subjects:

MARC

LEADER 00000nab a2200000 a 4500
001 vtls000833946
003 SK-MaSNL
005 20260304234704.0
008 140303c2003 xo 0 slo
015 |a SNBRB2003/04-13690 
035 |a CLN000185601 
040 |a SNKBUCL  |b slo  |c SNKBUCL  |e AACR2 
041 0 |a slo 
044 |a xo  |c SK 
080 |a 616.379-008.64-074  |2 1997 
100 1 |a Martinka, Emil  |4 aut  |9 476563 
245 1 0 |a Kontinuálne monitorovanie glykémie a jeho indikácie  |c Emil Martinka, Peter Lakota 
300 |b Obr. 
650 0 7 |a diabetes mellitus  |2 snkbucl  |9 72741 
650 0 7 |a glykémia  |2 snkbucl  |9 21013 
655 7 |a články z novín a časopisov  |2 snkbucl  |9 267496 
700 1 |a Lakota, Peter  |4 aut  |9 1158309 
773 0 |t Zdravotnícke noviny  |g Roč. 8, č. 14 (2003)  |x 1335-4477 
773 0 |t [Príl.] Lekárske listy  |g Č. 14 (2003), s. 16-17  |x 1335-4477 
850 |a Slovenská národná knižnica v Martine 
852 |a SNK  |b KIS3GCP 
958 |a MI 
992 |a RBX 
999 |c 3205261  |d 3207191